000 00612nam a22002057a 4500
003 OSt
005 20251106013938.0
008 251106b |||||||| |||| 00| 0 eng d
020 _a0-8094-2852-0
040 _aDWCL-Admin lib
_cOC
082 _aCirc. 641.662 B414 1979
100 _aBy The Editors Of Time-Life Books
245 _aBeef and veal /
_cBy The Editors Of Time-Life Books
260 _aU.S.A.:
_bTime-ife Books,
_cc1979
300 _a 176p. :i ll.(chiefly col.) ;
_c27cm
504 _aIncludes index
650 _a1. Cookery (Beef)
650 _a2. Cookery(Veal)
942 _2ddc
_cBK-CIRC
_kCirc.
_n0
999 _c5529
_d5529